[Event "España ch sub-16 2007"]
[Site "Linres ESP"]
[Date "2007.07.26"]
[Round "8.8"]
[White "Garcia Moreno, Carlos"]
[Black "Fernandez Martinez, Jorge"]
[Result "0-1"]
[WhiteElo "2118"]
[BlackElo "2027"]
[PlyCount "98"]
[EventDate "2007.07.22"]
[EventType "swiss"]
[EventRounds "9"]
[EventCountry "ESP"]
[Source "lmi"]
[SourceDate "2007.07.22"]

1. e4 c5 2. Nf3 Nc6 3. Bb5 e6 4. O-O Nf6 5. Re1 Qc7 6. b3 Be7 7. e5 Nd5 8. Bxc6
Qxc6 9. c4 Nb6 10. d4 d5 11. exd6 Qxd6 12. Ba3 Nd7 13. Nc3 O-O 14. d5 exd5 15.
Nxd5 Bf6 16. Bb2 Kh8 17. Nxf6 Qxd1 18. Raxd1 Nxf6 19. h3 b6 20. Re7 h6 21. Ne5
Kg8 22. Rd6 Be6 23. Nc6 Rfe8 24. Bxf6 gxf6 25. Rb7 Kf8 26. a4 Kg7 27. Nxa7 Reb8
28. Rdxb6 Rxb7 29. Rxb7 Bf5 30. Nb5 Bc2 31. Nc7 Ra5 32. Kf1 Kg6 33. Ke2 Kf5 34.
Kd2 Be4 35. Rb5 Rxb5 36. cxb5 Bxg2 37. a5 Ke5 38. Kc3 Kd6 39. Ne8+ Ke7 40. a6
Kxe8 41. Kc4 Kd7 42. Kxc5 Bxh3 43. Kb6 Bf1 44. f3 Be2 45. Kc5 h5 46. Kd4 Bxb5
47. Ke3 Bxa6 48. Kf4 Be2 49. Kg3 Ke6 0-1

[Event "España ch sub-16 2007"]
[Site "Linres ESP"]
[Date "2007.07.26"]
[Round "8.9"]
[White "Gomez Dominguez, Xavier"]
[Black "Coll Ortega, Jordi"]
[Result "0-1"]
[WhiteElo "1939"]
[BlackElo "2105"]
[PlyCount "60"]
[EventDate "2007.07.22"]
[EventType "swiss"]
[EventRounds "9"]
[EventCountry "ESP"]
[Source "lmi"]
[SourceDate "2007.07.22"]

1. e4 c5 2. Nc3 Nc6 3. g3 g6 4. Bg2 Bg7 5. d3 d6 6. Be3 Rb8 7. Qd2 b5 8. f4 e6
9. e5 Nd4 10. exd6 f5 11. Nd1 e5 12. fxe5 Bxe5 13. c3 Ne6 14. Bxc5 Nxc5 15. d4
Bxd6 16. dxc5 Qe7+ 17. Ne2 Bxc5 18. Bc6+ Kf8 19. Nf2 Be3 20. Qd3 Nf6 21. Bf3
Bb7 22. Bxb7 Rxb7 23. Nd1 Bb6 24. a4 a5 25. Kf1 Kg7 26. Nf4 Rd8 27. Qe2 Ne4 28.
Nd3 Rbd7 29. N1f2 Bxf2 30. Nxf2 Rd2 0-1

[Event "España ch sub-16 2007"]
[Site "Linres ESP"]
[Date "2007.07.26"]
[Round "8.10"]
[White "Garcia Molina, Francisco Miguel"]
[Black "Clopes Llahi, Judit"]
[Result "1-0"]
[WhiteElo "2157"]
[BlackElo "2020"]
[PlyCount "133"]
[EventDate "2007.07.22"]
[EventType "swiss"]
[EventRounds "9"]
[EventCountry "ESP"]
[Source "lmi"]
[SourceDate "2007.07.22"]

1. e4 c6 2. d4 d5 3. exd5 cxd5 4. c4 Nf6 5. Nc3 e6 6. Nf3 Be7 7. Bd3 O-O 8. O-O
Nc6 9. a3 Re8 10. Re1 dxc4 11. Bxc4 b6 12. d5 exd5 13. Nxd5 Bb7 14. Ng5 Nxd5
15. Nxf7 Kxf7 16. Bxd5+ Kf8 17. Qh5 Ne5 18. Rxe5 Bxd5 19. Rxd5 Qc8 20. Qxh7 Qc6
21. Rf5+ Bf6 22. Bd2 Kf7 23. Bc3 Re6 24. h4 Qe8 25. g4 Qh8 26. Qxh8 Rxh8 27. h5
Ke7 28. Bxf6+ gxf6 29. Rc1 Re4 30. Rc7+ Ke6 31. Rc6+ Ke7 32. Rcxf6 Rxg4+ 33.
Kf1 Rh4 34. Rf7+ Ke6 35. R5f6+ Ke5 36. h6 R4xh6 37. Rxh6 Rxh6 38. Rxa7 Kd4 39.
Ra4+ Kd3 40. Rb4 Rf6 41. Kg2 Ke2 42. Re4+ Kd3 43. Re3+ Kc2 44. b3 b5 45. Re5
Rb6 46. Re3 Ra6 47. b4 Rg6+ 48. Kf3 Rf6+ 49. Ke2 Rf5 50. f3 Kb2 51. Kd3 Rf8 52.
Kd4 Kc2 53. Kc5 Kd2 54. Re5 Rxf3 55. Kxb5 Rxa3 56. Rc5 Rb3 57. Ka5 Kd3 58. b5
Kd4 59. Kb6 Rh3 60. Rc1 Kd5 61. Kb7 Kd6 62. b6 Rb3 63. Ka7 Ra3+ 64. Kb8 Rd3 65.
b7 Kd7 66. Ra1 Rb3 67. Ka8 1-0

[Event "España ch sub-16 2007"]
[Site "Linres ESP"]
[Date "2007.07.26"]
[Round "8.11"]
[White "De Nacimiento Montaño, Angel"]
[Black "Torres Tellez, Jonathan"]
[Result "1-0"]
[WhiteElo "1999"]
[BlackElo "2084"]
[PlyCount "93"]
[EventDate "2007.07.22"]
[EventType "swiss"]
[EventRounds "9"]
[EventCountry "ESP"]
[Source "lmi"]
[SourceDate "2007.07.22"]

1. e4 e5 2. Nf3 Nc6 3. Bb5 Nf6 4. O-O Bc5 5. c3 Bb6 6. d4 O-O 7. dxe5 Nxe4 8.
Qd5 Nc5 9. Bg5 Ne7 10. Qd1 Ne6 11. Bh4 Qe8 12. Nbd2 Nf5 13. Ne4 Nxh4 14. Nxh4
Nc5 15. Nxc5 Bxc5 16. b4 Bb6 17. Re1 Qe6 18. a4 a6 19. Bd3 d6 20. Nf3 dxe5 21.
Bxh7+ Kh8 22. Rxe5 Bxf2+ 23. Kxf2 Qb6+ 24. Kg3 Kxh7 25. Ng5+ Kg8 26. Qh5 Qh6
27. Qxh6 gxh6 28. Ne4 Kg7 29. Re7 Bf5 30. Nc5 b6 31. Rf1 Kf6 32. Rxc7 bxc5 33.
Rc6+ Kg7 34. Rxf5 cxb4 35. cxb4 Ra7 36. Rff6 Rb8 37. Rb6 Rxb6 38. Rxb6 f6 39.
Kf4 Kg6 40. Ke4 Kg5 41. Kd5 f5 42. Kc6 h5 43. Rb7 Ra8 44. Rg7+ Kh4 45. Kb7 Re8
46. Kxa6 f4 47. g3+ 1-0

[Event "España ch sub-16 2007"]
[Site "Linres ESP"]
[Date "2007.07.26"]
[Round "8.12"]
[White "Arribas Lopez, Angel"]
[Black "Alonso Rosell, Alvar"]
[Result "1/2-1/2"]
[WhiteElo "2292"]
[BlackElo "2285"]
[PlyCount "111"]
[EventDate "2007.07.22"]
[EventType "swiss"]
[EventRounds "9"]
[EventCountry "ESP"]
[Source "lmi"]
[SourceDate "2007.07.22"]

1. e4 c5 2. Nf3 d6 3. c3 Nf6 4. h3 Nbd7 5. Bd3 b6 6. O-O Bb7 7. Re1 Qc7 8. Bc2
Rc8 9. d3 e6 10. a4 a6 11. Na3 Be7 12. Qe2 O-O 13. Bf4 Qb8 14. Bh2 Rfe8 15.
Rad1 Bc6 16. d4 cxd4 17. cxd4 Qb7 18. Nd2 b5 19. axb5 axb5 20. Bd3 d5 21. e5
Ne4 22. Ndb1 h6 23. f3 Ng5 24. Nxb5 Bxb5 25. Bxb5 Rb8 26. Nc3 Bb4 27. Bd3 Ba5
28. Rd2 Qb6 29. Bb1 Nh7 30. Qd3 Nhf8 31. f4 Qa7 32. Rf1 Rb4 33. Rff2 Nb6 34.
Ba2 Na4 35. f5 Nxb2 36. Rxb2 Rxd4 37. Nb5 Rxd3 38. Nxa7 Bc3 39. g4 Bxb2 40.
Rxb2 Rxh3 41. Kg2 Ra3 42. Nc6 Ra4 43. Kg3 h5 44. gxh5 exf5 45. Bxd5 Ne6 46. Rb7
Rg4+ 47. Kf2 Rh4 48. Bg3 Rxh5 49. Bf3 Rh6 50. Kf1 Nc5 51. Re7 Rxe7 52. Nxe7+
Kf8 53. Nxf5 Ra6 54. Be1 Nd3 55. Be2 Nxe1 56. Bxa6 1/2-1/2

[Event "España ch sub-16 2007"]
[Site "Linres ESP"]
[Date "2007.07.27"]
[Round "9.1"]
[White "Salgado Lopez, Ivan"]
[Black "Arribas Lopez, Angel"]
[Result "1-0"]
[WhiteElo "2456"]
[BlackElo "2292"]
[PlyCount "83"]
[EventDate "2007.07.22"]
[EventType "swiss"]
[EventRounds "9"]
[EventCountry "ESP"]
[Source "lmi"]
[SourceDate "2007.07.22"]

1. e4 c5 2. Nf3 d6 3. d4 cxd4 4. Nxd4 Nf6 5. Nc3 g6 6. Be3 Bg7 7. f3 O-O 8. Qd2
Nc6 9. Bc4 Bd7 10. O-O-O Rc8 11. Bb3 Ne5 12. Kb1 Re8 13. h4 h5 14. Bh6 Nc4 15.
Bxc4 Rxc4 16. Bxg7 Kxg7 17. Nd5 e5 18. Nxf6 Qxf6 19. Ne2 Be6 20. Qxd6 Rec8 21.
c3 Ra4 22. Nc1 Ra6 23. Qd2 Qe7 24. b3 Rb6 25. Qb2 a5 26. Nd3 a4 27. Nb4 axb3
28. axb3 Rxc3 29. Qxc3 Bxb3 30. Rd2 Qxb4 31. Qxb4 Rxb4 32. Rb2 Rb5 33. Kc1 f5
34. Kd2 fxe4 35. Rhb1 Rd5+ 36. Ke3 Bc4 37. Rxb7+ Kh6 38. Rc7 Ba2 39. Rbb7 Rd3+
40. Kxe4 Rd4+ 41. Kxe5 Rxh4 42. f4 1-0

[Event "España ch sub-16 2007"]
[Site "Linres ESP"]
[Date "2007.07.27"]
[Round "9.2"]
[White "Herrera Delgado, Alejandro"]
[Black "Alonso Rosell, Alvar"]
[Result "1-0"]
[WhiteElo "2150"]
[BlackElo "2285"]
[PlyCount "67"]
[EventDate "2007.07.22"]
[EventType "swiss"]
[EventRounds "9"]
[EventCountry "ESP"]
[Source "lmi"]
[SourceDate "2007.07.22"]

1. e4 c5 2. Nf3 d6 3. d4 cxd4 4. Nxd4 Nf6 5. Nc3 a6 6. Bg5 e6 7. f4 Be7 8. Qf3
Qc7 9. O-O-O Nbd7 10. Bd3 O-O 11. Rhe1 Nc5 12. e5 dxe5 13. fxe5 Nd5 14. Bxe7
Nxe7 15. Qh5 Nxd3+ 16. Rxd3 Ng6 17. Rg3 b5 18. Nf3 h6 19. Ne4 Bb7 20. Nf6+ Kh8
21. Nh4 Nxh4 22. Qxh4 Rac8 23. c3 Qc4 24. Rg4 Qxa2 25. Rxg7 Kxg7 26. Qg3+ Kh8
27. Qd3 Qa1+ 28. Kc2 Qa4+ 29. Kb1 Be4 30. Rxe4 Rfd8 31. Rd4 Kg7 32. Rxd8 Rxd8
33. Qxd8 Kg6 34. Qd4 1-0

[Event "España ch sub-16 2007"]
[Site "Linres ESP"]
[Date "2007.07.27"]
[Round "9.3"]
[White "Cabrera Trujillo, Jorge"]
[Black "Senlle Caride, Miguel"]
[Result "1/2-1/2"]
[WhiteElo "2324"]
[BlackElo "2179"]
[PlyCount "65"]
[EventDate "2007.07.22"]
[EventType "swiss"]
[EventRounds "9"]
[EventCountry "ESP"]
[Source "lmi"]
[SourceDate "2007.07.22"]

1. e4 e5 2. Nf3 Nc6 3. Bb5 a6 4. Ba4 Nf6 5. O-O b5 6. Bb3 Bc5 7. Nxe5 Nxe5 8.
d4 Bxd4 9. Qxd4 d6 10. f4 Ng6 11. c4 O-O 12. f5 Ne5 13. Bg5 bxc4 14. Bc2 h6 15.
Bh4 Rb8 16. Nd2 c5 17. Qc3 Nd5 18. Qg3 Nf6 19. Qc3 Nxe4 20. Nxe4 Qxh4 21. Rad1
Nd3 22. Bxd3 cxd3 23. Nxd6 Qd4+ 24. Qxd4 cxd4 25. b3 Rd8 26. Nxc8 Rbxc8 27.
Rxd3 Rc5 28. Rf4 Rcd5 29. Kf2 Kf8 30. Kf3 Ke7 31. g4 Kf6 32. h4 R5d6 33. h5
1/2-1/2

[Event "España ch sub-16 2007"]
[Site "Linres ESP"]
[Date "2007.07.27"]
[Round "9.4"]
[White "Ladron De Guevara Pinto, Fermin"]
[Black "Moreno Gracia, Daniel"]
[Result "1/2-1/2"]
[WhiteElo "2070"]
[BlackElo "2237"]
[PlyCount "82"]
[EventDate "2007.07.22"]
[EventType "swiss"]
[EventRounds "9"]
[EventCountry "ESP"]
[Source "lmi"]
[SourceDate "2007.07.22"]

1. d4 Nf6 2. c4 e6 3. g3 d5 4. Nf3 dxc4 5. Bg2 Bb4+ 6. Bd2 a5 7. a3 Bxd2+ 8.
Nbxd2 b5 9. Ne5 Nd5 10. a4 c6 11. Ne4 O-O 12. Qd2 f6 13. Nf3 Nd7 14. O-O Qe7
15. axb5 cxb5 16. Rxa5 Bb7 17. Rfa1 Rxa5 18. Rxa5 Qd8 19. Ra7 Qb6 20. Qa5 Qxa5
21. Rxa5 Ra8 22. Rxa8+ Bxa8 23. Bh3 Nc7 24. Nfd2 Nb6 25. Nc5 Kf7 26. f3 Ke7 27.
Kf2 Bc6 28. Bg2 b4 29. Bf1 Kd6 30. e4 Nb5 31. Nxc4+ Nxc4 32. Bxc4 Nxd4 33. Nd3
b3 34. Nc1 Ba4 35. Ne2 Kc5 36. Ke3 Nc2+ 37. Kd3 Nb4+ 38. Kc3 Na2+ 39. Kd3 Nb4+
40. Kc3 Na2+ 41. Kd3 Nb4+ 1/2-1/2

[Event "España ch sub-16 2007"]
[Site "Linres ESP"]
[Date "2007.07.27"]
[Round "9.5"]
[White "Coll Ortega, Jordi"]
[Black "Garcia Molina, Francisco Miguel"]
[Result "1-0"]
[WhiteElo "2105"]
[BlackElo "2157"]
[PlyCount "87"]
[EventDate "2007.07.22"]
[EventType "swiss"]
[EventRounds "9"]
[EventCountry "ESP"]
[Source "lmi"]
[SourceDate "2007.07.22"]

1. c4 e5 2. g3 Nf6 3. Bg2 c6 4. d4 Bb4+ 5. Bd2 Bxd2+ 6. Qxd2 d6 7. Nc3 O-O 8.
e3 Be6 9. b3 exd4 10. Qxd4 d5 11. cxd5 Nxd5 12. Nge2 Nxc3 13. Qxc3 Nd7 14. Nf4
Qe7 15. O-O Nf6 16. Nxe6 Qxe6 17. Qc4 Qxc4 18. bxc4 Nd7 19. Rfd1 Nc5 20. Rd4
Rfd8 21. Rad1 Ne6 22. Rd7 Rxd7 23. Rxd7 Nc5 24. Rd4 Kf8 25. f4 Ke7 26. e4 Ne6
27. Rd2 a5 28. Kf2 a4 29. a3 Ra6 30. Rb2 Nc5 31. Ke3 f6 32. g4 Kd6 33. h4 Nb3
34. Bf1 Ra8 35. Bd3 Kc5 36. g5 b5 37. cxb5 cxb5 38. Rc2+ Kb6 39. gxf6 gxf6 40.
e5 fxe5 41. fxe5 Rg8 42. Bxh7 Rh8 43. Bg6 Nc5 44. h5 1-0

[Event "España ch sub-16 2007"]
[Site "Linres ESP"]
[Date "2007.07.27"]
[Round "9.6"]
[White "Fernandez Martinez, Jorge"]
[Black "Galan Martin, Pedro Juan"]
[Result "1/2-1/2"]
[WhiteElo "2027"]
[BlackElo "2095"]
[PlyCount "115"]
[EventDate "2007.07.22"]
[EventType "swiss"]
[EventRounds "9"]
[EventCountry "ESP"]
[Source "lmi"]
[SourceDate "2007.07.22"]

1. d4 Nf6 2. c4 e6 3. Nc3 c5 4. d5 exd5 5. cxd5 d6 6. e4 g6 7. f4 Bg7 8. Nf3
O-O 9. Be2 Re8 10. Nd2 a6 11. a4 Nbd7 12. O-O b6 13. Bf3 Rb8 14. Nc4 Qe7 15.
Re1 Nh5 16. Bd2 Bd4+ 17. Kh1 b5 18. axb5 axb5 19. Na5 Qh4 20. Bxh5 gxh5 21. Nc6
Nf6 22. g3 Qh3 23. Qf3 Bg4 24. Qg2 Rb7 25. e5 Bxc3 26. bxc3 Qxg2+ 27. Kxg2 Nxd5
28. exd6 Rxe1 29. Rxe1 Rd7 30. h3 Rxd6 31. hxg4 Rxc6 32. gxh5 Re6 33. Kf3 Rxe1
34. Bxe1 b4 35. cxb4 cxb4 36. Ke4 b3 37. Kd3 Kg7 38. Bd2 Kh6 39. g4 f5 40. gxf5
Kxh5 41. Bc1 Kg4 42. Kc4 Nxf4 43. f6 Ng6 44. Kxb3 Kf5 45. f7 Ke6 46. Kc4 Kxf7
47. Kd3 Kf6 48. Ke4 Nf8 49. Kf4 Ne6+ 50. Kg4 Kg6 51. Be3 Ng7 52. Bd2 Nf5 53.
Ba5 h5+ 54. Kh3 Kg5 55. Bd8+ Kf4 56. Bf6 Kf3 57. Bd8 Kf2 58. Bf6 1/2-1/2

[Event "España ch sub-16 2007"]
[Site "Linres ESP"]
[Date "2007.07.27"]
[Round "9.7"]
[White "Pardo Simon, David"]
[Black "De Nacimiento Montaño, Angel"]
[Result "1-0"]
[WhiteElo "2080"]
[BlackElo "1999"]
[PlyCount "111"]
[EventDate "2007.07.22"]
[EventType "swiss"]
[EventRounds "9"]
[EventCountry "ESP"]
[Source "lmi"]
[SourceDate "2007.07.22"]

1. e4 c5 2. Nf3 d6 3. d4 cxd4 4. Qxd4 Nc6 5. Bb5 a6 6. Bxc6+ bxc6 7. Bg5 f6 8.
Be3 e5 9. Qc4 Ne7 10. c3 d5 11. Qa4 Bd7 12. Bc5 Ng6 13. Bxf8 Rxf8 14. O-O Kf7
15. Nbd2 Kg8 16. Rfe1 Kh8 17. Nf1 Nf4 18. Rad1 Qe8 19. Ne3 c5 20. Qa3 dxe4 21.
Nd2 Nd3 22. Rf1 f5 23. Nd5 Bc6 24. Nc7 Qg6 25. Nxa8 e3 26. f3 e2 27. Nc7 Nf4
28. g3 Nh5 29. Qxc5 Rd8 30. Qf2 exf1=Q+ 31. Qxf1 Bb7 32. Nc4 Rc8 33. Nd6 Rf8
34. Nxb7 Qb6+ 35. Qf2 Qxc7 36. Nc5 Qa5 37. b4 Qb5 38. Qf1 Qc6 39. Qe2 Nf6 40.
Qd3 Re8 41. Qxf5 a5 42. Qd3 axb4 43. cxb4 Qb6 44. a3 Qa7 45. Kg2 Qa8 46. a4 Rf8
47. a5 Qb8 48. Qd6 Qe8 49. Ne6 Rg8 50. Qxe5 Qa4 51. Qd6 Ne8 52. Qd2 Nf6 53. Ng5
Rc8 54. Rc1 Re8 55. Nf7+ Kg8 56. Nd6 1-0

[Event "España ch sub-16 2007"]
[Site "Linres ESP"]
[Date "2007.07.27"]
[Round "9.8"]
[White "Recuero Guerra, David"]
[Black "Moreno Martin, Daniel"]
[Result "1-0"]
[WhiteElo "2378"]
[BlackElo "1997"]
[PlyCount "79"]
[EventDate "2007.07.22"]
[EventType "swiss"]
[EventRounds "9"]
[EventCountry "ESP"]
[Source "lmi"]
[SourceDate "2007.07.22"]

1. e4 e6 2. d4 d5 3. Nc3 Bb4 4. e5 c5 5. Bd2 Ne7 6. Nce2 Bxd2+ 7. Qxd2 Nbc6 8.
f4 cxd4 9. Nf3 Nf5 10. Nexd4 Ncxd4 11. Nxd4 Qh4+ 12. g3 Nxg3 13. hxg3 Qxh1 14.
Qb4 Bd7 15. O-O-O a6 16. Bb5 Qxd1+ 17. Kxd1 axb5 18. Nxb5 Bxb5 19. Qxb5+ Kf8
20. Qxb7 Rd8 21. Qc7 Ke8 22. a4 h5 23. Qc6+ Ke7 24. a5 h4 25. gxh4 Rxh4 26. a6
Rh1+ 27. Kd2 Rh2+ 28. Kd3 Rh3+ 29. Kd4 f6 30. Qc7+ Rd7 31. Qc5+ Kf7 32. b4 Kg6
33. b5 Kf5 34. a7 Kxf4 35. Qd6 Rxd6 36. exd6 Rh8 37. b6 Ra8 38. b7 Rxa7 39.
b8=Q Ra4+ 40. Kd3 1-0

[Event "España ch sub-16 2007"]
[Site "Linres ESP"]
[Date "2007.07.27"]
[Round "9.9"]
[White "Gil Quilez, David"]
[Black "Gago Padreny, Ignacio"]
[Result "0-1"]
[WhiteElo "1934"]
[BlackElo "2124"]
[PlyCount "78"]
[EventDate "2007.07.22"]
[EventType "swiss"]
[EventRounds "9"]
[EventCountry "ESP"]
[Source "lmi"]
[SourceDate "2007.07.22"]

1. e4 c5 2. Nf3 d6 3. Bb5+ Bd7 4. a4 Nc6 5. O-O Nf6 6. Re1 a6 7. Bf1 Bg4 8. d3
e6 9. c3 Be7 10. Be2 O-O 11. Be3 Qc7 12. Nbd2 d5 13. exd5 Nxd5 14. d4 Rad8 15.
Qc1 h6 16. Nb3 Nxe3 17. fxe3 cxd4 18. exd4 Bd6 19. Nbd2 Bf4 20. g3 Be3+ 21. Kg2
e5 22. Ra3 Qd7 23. d5 Qxd5 24. c4 Qc5 25. Qc3 Bxd2 26. Nxd2 Bxe2 27. Rxe2 Nd4
28. Rf2 Qc6+ 29. Kg1 e4 30. Nf1 Nf3+ 31. Kg2 Rd3 32. Qc1 Rfd8 33. Rxd3 Rxd3 34.
Ne3 Qc5 35. Ng4 h5 36. b4 Qd4 37. Qf4 hxg4 38. Qxg4 Qxc4 39. h4 Rd1 0-1

[Event "España ch sub-16 2007"]
[Site "Linres ESP"]
[Date "2007.07.27"]
[Round "9.12"]
[White "Ribas Gomez, Diego"]
[Black "Subirats Ruiz, Sergi"]
[Result "0-1"]
[WhiteElo "2043"]
[BlackElo "1958"]
[PlyCount "82"]
[EventDate "2007.07.22"]
[EventType "swiss"]
[EventRounds "9"]
[EventCountry "ESP"]
[Source "lmi"]
[SourceDate "2007.07.22"]

1. e4 e5 2. Bc4 Nf6 3. d3 Bc5 4. Nf3 d6 5. c3 c6 6. O-O b5 7. Bb3 Bb6 8. Nbd2
Bg4 9. h3 Bh5 10. Re1 g5 11. g4 Rg8 12. Nf1 h6 13. gxh5 g4 14. Ng3 gxh3 15. Be3
Bxe3 16. Rxe3 Ng4 17. Re2 Nd7 18. d4 Qf6 19. Nh2 Nxf2 20. Rxf2 Rxg3+ 21. Kf1
Qg5 22. Bxf7+ Ke7 23. Qb3 Rg1+ 24. Ke2 Rxa1 25. Qe6+ Kd8 26. Qe8+ Kc7 27. Qxa8
Qc1 28. Qxa7+ Kd8 29. Qa8+ Kc7 30. Qa5+ Kb7 31. Qd8 Qxb2+ 32. Kf3 Qxc3+ 33. Kg4
Rg1+ 34. Kf5 Nb6 35. Be6 Qxd4 36. Qe7+ Ka6 37. Rf3 d5 38. Ra3+ Na4 39. Bc8+ Ka5
40. Qc7+ Qb6 41. Qxe5 Rg5+ 0-1